[Event "Moscow Open 2012 A"]
[Site "Moscow RUS"]
[Date "2012.02.02"]
[Round "6.66"]
[White "Barsamian,E"]
[Black "Denisov,I"]
[Result "0-1"]
[WhiteElo "2261"]
[BlackElo "2354"]

1.d4 Nf6 2.c4 e6 3.Nc3 Bb4 4.Nf3 b6 5.Bg5 Bb7 6.Nd2 h6 7.Bh4 g5 8.Bg3 Nc6
9.e3 Bxc3 10.bxc3 Qe7 11.Bd3 d6 12.O-O O-O-O 13.f3 Nh5 14.Bf2 f5 15.Nb3 Rhg8
16.a4 a5 17.Rb1 Qf7 18.Be2 Ne7 19.Qc2 g4 20.fxg4 Nf6 21.Bf3 Bxf3 22.gxf3 fxg4
23.f4 g3 24.Bxg3 Nf5 25.Rf3 Qh5 26.Rbf1 Qh3 27.Qg2 Qxg2+ 28.Kxg2 Nh4+ 29.Kf2 Ne4+
30.Ke2 Nxf3 31.Kxf3 Nxc3 32.e4 Nxa4 33.Rf2 d5 34.cxd5 exd5 35.e5 Nc3 36.f5 Rg5
37.Kf4 Rf8 38.f6 Ne4 39.Re2 Kd7 40.Bh4 Rg1 41.Rxe4 Rf1+ 42.Ke3 dxe4 43.d5 Rf3+
44.Kxe4 Rxb3 45.e6+ Ke8 46.Kf5 Rf3+ 47.Ke5 R3xf6 48.Bxf6 Rxf6  0-1

[Event "Moscow Open 2012 A"]
[Site "Moscow RUS"]
[Date "2012.02.03"]
[Round "7.65"]
[White "Kachar,V"]
[Black "Gorbatov,A"]
[Result "1-0"]
[WhiteElo "2294"]
[BlackElo "2377"]

1.d4 Nf6 2.c4 e6 3.Nc3 Bb4 4.Nf3 c5 5.g3 b6 6.Bg2 Bb7 7.O-O O-O 8.d5 Bxc3
9.bxc3 d6 10.Ng5 exd5 11.cxd5 h6 12.Nh3 Nbd7 13.Re1 b5 14.e4 Nb6 15.Rb1 Qd7
16.f3 a5 17.a3 Rfe8 18.Nf2 Ba6 19.Bf1 Rab8 20.Bf4 Nh5 21.Bc1 Nf6 22.Nd3 Na4
23.Bd2 Qa7 24.Nf2 Qd7 25.Bh3 Qc7 26.c4 Rb7 27.cxb5 Bxb5 28.Rxb5 Rxb5 29.Qxa4 Reb8
30.Bf1 Rb2 31.Qxa5 Qxa5 32.Bxa5 Ra8 33.Bc3 Rb3 34.Bxf6 gxf6 35.Ng4 h5 36.Nh6+ Kf8
37.Nf5 Rxf3 38.Nxd6 Rfxa3 39.Rc1 h4 40.gxh4 R8a5 41.Rb1 Ra1 42.Rb8+ Kg7 43.Nf5+ Kh7
44.d6 Rd1 45.Rb7 c4 46.Rxf7+ Kg8 47.Rc7 Raa1 48.d7 c3 49.Ne3 c2 50.Nxc2 Rxf1+
51.Kg2 Rg1+ 52.Kf2 Raf1+ 53.Ke3 Rd1 54.Rc8+  1-0

[Event "Moscow Open Women 2012"]
[Site "Moscow RUS"]
[Date "2012.02.03"]
[Round "7.7"]
[White "Tarasova,Viktoriy"]
[Black "Galojan,L"]
[Result "1/2-1/2"]
[WhiteElo "2294"]
[BlackElo "2366"]

1.d4 Nf6 2.c4 e6 3.Nc3 Bb4 4.Nf3 b6 5.Bg5 Bb7 6.Nd2 Nc6 7.e3 h6 8.Bh4 Ne7
9.Bxf6 gxf6 10.Qb3 c5 11.a3 Bxc3 12.Qxc3 cxd4 13.Qxd4 Nf5 14.Qd3 Qc7 15.e4 Ne7
16.Qc3 Qe5 17.Qxe5 fxe5 18.O-O-O Rc8 19.Kb1 Rg8 20.Rg1 Nc6 21.Bd3 Nd4 22.Rc1 Ke7
23.g3 f5 24.Rce1 fxe4 25.Bxe4 Ba6 26.b3 Rgf8 27.f3 d5 28.Bxd5 exd5 29.Rxe5+ Kf7
30.Rxd5 Ne2 31.Rf5+ Kg6 32.Rxf8 Nxg1 33.Rxc8 Bxc8 34.Kc2 Bb7  1/2-1/2

[Event "Schachbundesliga 2011-12"]
[Site "Solingen GER"]
[Date "2012.02.04"]
[Round "8"]
[White "Parligras,M"]
[Black "Steingrimsson,H"]
[Result "1/2-1/2"]
[WhiteElo "2625"]
[BlackElo "2562"]

1.d4 Nf6 2.c4 e6 3.Nc3 Bb4 4.Nf3 c5 5.g3 Bxc3+ 6.bxc3 Qa5 7.Bg2 cxd4 8.Nxd4 Qxc3+
9.Qd2 Qxd2+ 10.Kxd2 Nc6 11.Nb5 O-O 12.Ba3 Rd8 13.Nd6 b6 14.Rhd1 Ba6 15.Ke1 Rab8
16.Rac1 Na5 17.Bb4 Nc6 18.a3 Nxb4 19.axb4 Bc8 20.Ra1 a6 21.c5 Ne8 22.Nc4 bxc5
23.bxc5 Kf8 24.Na5 Ke7 25.c6 Nc7 26.e4 f6 27.Rdc1 d5 28.exd5 exd5 29.Rab1 Rxb1
30.Rxb1 Kd6 31.Nb7+ Bxb7 32.cxb7 Rb8 33.Bh3 Nb5 34.Bc8 Kc6 35.Ra1 Kb6 36.Rb1 Ka7
37.Rc1 Kb6 38.Rb1 Ka7 39.Rc1 Kb6  1/2-1/2

[Event "11th Aeroflot Open B"]
[Site "Moscow RUS"]
[Date "2012.02.09"]
[Round "3"]
[White "Iljiushenok,I"]
[Black "Shimanov,A"]
[Result "0-1"]
[WhiteElo "2422"]
[BlackElo "2549"]

1.d4 Nf6 2.c4 e6 3.Nc3 Bb4 4.Nf3 d5 5.e3 O-O 6.Bd3 b6 7.O-O Bb7 8.cxd5 exd5
9.Ne5 Nbd7 10.f4 c5 11.Ne2 c4 12.Bc2 b5 13.Bd2 Be7 14.Ng3 Re8 15.Qf3 Bf8
16.Rac1 Nb6 17.Ba5 Ne4 18.a3 f6 19.Ng4 Qd7 20.h4 Kh8 21.h5 h6 22.Nf2 Nc8
23.Ngxe4 dxe4 24.Qe2 Ne7 25.g4 Nc6 26.Bd2 Qd5 27.Nd1 Nxd4 28.exd4 e3 29.Kh2 exd2
30.Qxd2 Rad8 31.Bg6 Qe6 32.Kg3 Qe2 33.Rf2 Qxd2 34.Rxd2 Re1 35.Rc3 Bd6 36.Ne3 b4  0-1

[Event "TCh-SVK Extraliga 2011-12"]
[Site "Slovakia SVK"]
[Date "2012.02.11"]
[Round "7.1"]
[White "Markos,J"]
[Black "Jurcik,Mari"]
[Result "1/2-1/2"]
[WhiteElo "2596"]
[BlackElo "2474"]

1.d4 Nf6 2.c4 e6 3.Nc3 Bb4 4.Nf3 b6 5.Bg5 Bb7 6.Nd2 O-O 7.e4 h6 8.Bh4 Bxc3
9.bxc3 g5 10.Bg3 Nxe4 11.Nxe4 Bxe4 12.h4 d6 13.hxg5 hxg5 14.Qh5 Qf6 15.O-O-O Kg7
16.f4 Qg6 17.fxg5 Qxh5 18.Rxh5 Nc6 19.Rh4 Bg6 20.c5 bxc5 21.dxc5 Rab8 22.Bd3 Ne5
23.Bc2 Rb5 24.cxd6 cxd6 25.Rxd6 Rc8 26.a4 Rbc5 27.Be1 Rxc3 28.Bxc3 Rxc3 29.Rd2 Nc4
30.Re2 Na3 31.Kb2 Rxc2+ 32.Rxc2 Nxc2 33.Rc4 Ne3 34.Rc5 Be4 35.Kc3 Bxg2 36.Ra5 Nd5+
37.Kd2 Nb4 38.Rxa7 Nc6 39.Rc7 Kg6 40.Kc3 Bd5 41.Rd7 Ne5 42.Rc7 Kxg5 43.a5 f5
44.a6 Nc6 45.a7 Nxa7 46.Rxa7 Kf4 47.Kd4  1/2-1/2

[Event "Bunratty Open"]
[Site "Bunratty IRL"]
[Date "2012.02.18"]
[Round "2"]
[White "Courtney,John"]
[Black "O'Donnell,Conor"]
[Result "1-0"]
[WhiteElo "2132"]
[BlackElo "1780"]

1.d4 Nf6 2.c4 e6 3.Nc3 Bb4 4.Nf3 O-O 5.Bg5 c5 6.e3 Qa5 7.Bxf6 Bxc3+ 8.bxc3 Qxc3+
9.Nd2 gxf6 10.Rb1 d6 11.Rb3 Qa5 12.Qh5 Nc6 13.e4 Re8 14.Qh6 Ne7 15.Rg3+ Ng6
16.h4 Qxa2 17.Be2 Bd7 18.Bd1 Ba4 19.Bxa4 Qxa4 20.Ke2 cxd4 21.h5 Qd7 22.hxg6 fxg6
23.Rxg6+ Kh8 24.Rxf6 d5 25.cxd5 exd5 26.Rd6 Qf7 27.Rxd5 Rad8 28.Rxd8 Rxd8
29.e5 Re8 30.f4 a5 31.Kd3 Qf5+ 32.Ne4 Qf7 33.Nf6 Re7 34.Qxh7+  1-0

[Event "Bunratty Open"]
[Site "Bunratty IRL"]
[Date "2012.02.18"]
[Round "4"]
[White "O'Driscoll,K"]
[Black "Baburin,A"]
[Result "0-1"]
[WhiteElo "2104"]
[BlackElo "2535"]

1.d4 Nf6 2.c4 e6 3.Nf3 Bb4+ 4.Nc3 c5 5.g3 cxd4 6.Nxd4 O-O 7.Bg2 d5 8.O-O dxc4
9.e4 Nc6 10.Nxc6 bxc6 11.Bg5 h6 12.Bxf6 Qxf6 13.Qa4 a5 14.Qxc6 Ba6 15.Rac1 Rfc8
16.Qa4 Rab8 17.a3 Bxc3 18.Rxc3 Rxb2 19.Qxa5 e5 20.Rf3 Qd6 21.Rc1 Bb7 22.Qe1 Qd4
23.Rfc3 Rd2 24.Bf1 Ba6 25.R3c2 Rxc2 26.Rxc2 Bb7 27.Bg2 c3 28.h3 Rc5 29.Kh2 Bc6
30.Qc1 Ba4 31.Re2 c2 32.Rd2 Qxd2  0-1

[Event "TCh-HUN 2011-12"]
[Site "Budapest HUN"]
[Date "2012.02.19"]
[Round "6"]
[White "Sedlak,N"]
[Black "Szabo,Zso2"]
[Result "1-0"]
[WhiteElo "2589"]
[BlackElo "2432"]

1.d4 Nf6 2.c4 e6 3.Nc3 Bb4 4.Nf3 O-O 5.Bg5 c5 6.Rc1 cxd4 7.Nxd4 Be7 8.e3 d6
9.Be2 a6 10.O-O Nbd7 11.f4 Ne8 12.Bxe7 Qxe7 13.Bf3 Ndf6 14.Qd3 g6 15.Nc2 Rb8
16.e4 b6 17.Ne3 Bb7 18.Rfd1 Qc7 19.b4 Rc8 20.Qd4 e5 21.fxe5 dxe5 22.Qd2 Qe7
23.a3 Nc7 24.Qd6 Qe6 25.Na4 Nxe4 26.Qxe6 Nxe6 27.Nxb6 Nd4 28.Nxc8 Rxc8 29.Bxe4 Bxe4
30.Kf2 f5 31.c5 Nc6 32.Nc4  1-0

[Event "Bunratty Open"]
[Site "Bunratty IRL"]
[Date "2012.02.19"]
[Round "6"]
[White "Williams,Si1"]
[Black "Arkell,K"]
[Result "0-1"]
[WhiteElo "2504"]
[BlackElo "2429"]

1.d4 Nf6 2.c4 e6 3.Nf3 Bb4+ 4.Nc3 c5 5.g3 Ne4 6.Qd3 cxd4 7.Nxd4 Qa5 8.Nb3 Nxc3
9.bxc3 Bxc3+ 10.Kd1 Qb4 11.Rb1 Bf6 12.g4 Qc3 13.Qe4 Qe5 14.Qg2 Qd6+ 15.Bd2 Qa3
16.g5 Be7 17.h4 Nc6 18.Rh3 Qa4 19.h5 d5 20.Rc3 d4 21.Rd3 e5 22.g6 fxg6 23.Bg5 Bxg5
24.Qxg5 Bf5 25.Bh3 Bxd3 26.exd3 O-O 27.hxg6 Rf6 28.gxh7+ Kh8 29.Rb2 Raf8
30.Ke1 Qb4+ 31.Qd2 Rxf2  0-1

[Event "50th TCh-DEN XtraCon 2011-12"]
[Site "Denmark DEN"]
[Date "2012.02.19"]
[Round "7.3"]
[White "Ahlander,B"]
[Black "Pedersen,M"]
[Result "1-0"]
[WhiteElo "2422"]
[BlackElo "2186"]

1.d4 Nf6 2.c4 e6 3.Nc3 Bb4 4.Nf3 b6 5.g3 Bxc3+ 6.bxc3 Bb7 7.Bg2 O-O 8.a4 Nc6
9.O-O Na5 10.Ba3 d6 11.c5 Nc4 12.cxd6 cxd6 13.Re1 Qc7 14.Nd2 Bxg2 15.Kxg2 Rfd8
16.e4 Rac8 17.Nxc4 Qxc4 18.Re3 e5 19.Kg1 exd4 20.cxd4 h6 21.Rc1 Qa6 22.Rxc8 Qxc8
23.Qb3 Qh3 24.f3 Rc8 25.e5 dxe5 26.dxe5 Nd7 27.e6 fxe6 28.Rxe6 Kh8 29.Bb2 Nc5
30.Bxg7+ Kxg7 31.Re7+ Kg6 32.Qf7+  1-0

[Event "16th Guingamp Open"]
[Site "Guingamp FRA"]
[Date "2012.02.19"]
[Round "2"]
[White "Koziak,V"]
[Black "Bouget,A"]
[Result "1-0"]
[WhiteElo "2511"]
[BlackElo "2176"]

1.d4 Nf6 2.c4 e6 3.Nc3 Bb4 4.Nf3 O-O 5.e3 d5 6.Qc2 c5 7.dxc5 Qa5 8.Bd2 dxc4
9.Bxc4 Qxc5 10.Be2 Nc6 11.O-O e5 12.Rac1 Qe7 13.Ng5 Bxc3 14.Bxc3 h6 15.Ne4 Nd5
16.Bb5 Bd7 17.Rfd1 Nd4 18.Bxd4 exd4 19.Bxd7 Qxd7 20.Rxd4 Rac8 21.Nc5 Qc6
22.Qb3 Nf6 23.Rc3 Qe8 24.Nxb7 Rb8 25.Rc7 Qe5 26.Rdc4 Ng4 27.g3 Qh5 28.h4 Qf5
29.Qc2 Qe6 30.Nc5 Qd6 31.Rd7 Qf6 32.Rxg4 Rxb2 33.Ne4 Qb6 34.Qc3  1-0

[Event "US Amateur Team-ch East"]
[Site "Parsippany USA"]
[Date "2012.02.19"]
[Round "4"]
[White "Kane,J"]
[Black "Arnold,Mar"]
[Result "1/2-1/2"]
[WhiteElo "2185"]
[BlackElo "2482"]

1.d4 Nf6 2.c4 e6 3.Nc3 Bb4 4.Nf3 b6 5.Bg5 h6 6.Bh4 Bb7 7.e3 g5 8.Bg3 d6 9.Qc2 Nbd7
10.Bd3 Qe7 11.O-O Bxc3 12.bxc3 O-O-O 13.e4 Nh5 14.a4 a5 15.Nd2 e5 16.Rab1 Nf4
17.Bxf4 gxf4 18.f3 Bc6 19.c5 dxc5 20.Ba6+ Bb7 21.Bxb7+ Kxb7 22.d5 Ra8 23.Nc4 Rhg8
24.Qd3 Rg6 25.d6 Qe6 26.Rf2 cxd6 27.Nxb6 Nxb6 28.Rfb2 Kc7 29.Rxb6 Kd7 30.Rb7+ Ke8
31.Rb8+ Rxb8 32.Rxb8+ Ke7 33.Qb5 Kf6 34.Qxa5 Kg5 35.Qd8+ Kh5 36.Qc8 Qa2  1/2-1/2

[Event "ch-ROU Men 2012"]
[Site "Sarata Monteoru ROU"]
[Date "2012.02.20"]
[Round "10.44"]
[White "Rusa,A"]
[Black "Baciu,Alexandru"]
[Result "0-1"]
[WhiteElo "1902"]
[BlackElo "1688"]

1.d4 Nf6 2.c4 e6 3.Nf3 Bb4+ 4.Nc3 b6 5.e3 Bb7 6.Bd3 O-O 7.O-O Bxc3 8.bxc3 Ne4
9.Ba3 d6 10.Qc2 f5 11.Nd2 Nxd2 12.Qxd2 Nd7 13.f3 c5 14.e4 fxe4 15.fxe4 Qe7
16.Rae1 e5 17.Bc2 Rxf1+ 18.Rxf1 Rf8 19.Rxf8+ Nxf8 20.Bc1 Nd7 21.d5 Nf6 22.h3 Ba6
23.Bd3 Bc8 24.Qf2 h6 25.Kh2 Qf7 26.Qf3 Bd7 27.Be3 Be8 28.Kg1 Qg6 29.Kf2 Qh7
30.Qf5 Bd7 31.Qf3 Qg6 32.Bd2 Qf7 33.g4 Nh7 34.Qxf7+ Kxf7 35.Kg3 g5 36.Bc2 Nf8
37.h4 Kg6 38.hxg5 hxg5 39.Bd1 Kf6 40.Bf3 Ng6 41.Bd1 Nf4 42.Bxf4 exf4+ 43.Kf3 Ke5
44.Be2 Ba4 45.Bd3 Bd1+ 46.Kf2 Bxg4 47.Be2 Bh5 48.Bd3 g4 49.Bc2 Bg6  0-1

[Event "TCh-ISR 2011-12"]
[Site "Israel ISR"]
[Date "2012.02.24"]
[Round "9.1"]
[White "Alterman,B"]
[Black "Porat,I"]
[Result "1-0"]
[WhiteElo "2570"]
[BlackElo "2428"]

1.Nf3 Nf6 2.c4 e6 3.d4 Bb4+ 4.Nc3 O-O 5.Bg5 h6 6.Bh4 d6 7.e3 Nc6 8.Qc2 e5
9.d5 Bxc3+ 10.Qxc3 Nb8 11.Nd2 Na6 12.Qa3 Nc5 13.b4 Ncd7 14.Be2 b5 15.cxb5 g5
16.Bg3 Nxd5 17.h4 N7b6 18.hxg5 hxg5 19.e4 Nf4 20.Bxf4 exf4 21.Qc3 f6 22.a4 Be6
23.Nf3 Bg4 24.Nxg5 Bxe2 25.Qh3  1-0

[Event "ch-Moscow S/F 2012"]
[Site "Moscow RUS"]
[Date "2012.02.26"]
[Round "1"]
[White "Navrodskiy,Boris"]
[Black "Koshevoy,S"]
[Result "1/2-1/2"]
[WhiteElo "1894"]
[BlackElo "2258"]

1.d4 Nf6 2.c4 e6 3.Nc3 Bb4 4.Nf3 d5 5.e3 O-O 6.Bd3 Nc6 7.O-O a6 8.a3 dxc4
9.Bxc4 Bd6 10.e4 e5 11.d5 Ne7 12.h3 Ng6 13.Be3 Qe7 14.Re1 Qd8 15.Rf1 Qe7
16.Re1 Bd7 17.Qb3 Nh5 18.Rac1 Nhf4 19.Bf1 h6 20.Na4 b6 21.Nc3 Kh8 22.Ne2 Nh5
23.g4 Nhf4 24.Nxf4 exf4 25.Bd4 f6 26.Bg2 Qf7 27.Nd2 Ne5 28.Nc4 Nxc4 29.Qxc4 h5
30.f3 Rfe8 31.Qc3 Re7 32.g5 Be5 33.Bxe5 fxe5 34.Qxc7 Bxh3 35.Qc6 Rc8 36.Qxb6 Rxc1
37.Rxc1 Bd7 38.g6 Qf6 39.Qxf6 gxf6 40.Rc7 Rg7 41.Kh2 Kg8 42.Bh3 Bxh3 43.Rxg7+ Kxg7
44.Kxh3 Kxg6 45.Kh4 a5 46.b4 axb4 47.axb4 Kf7 48.Kxh5 f5 49.Kh4 fxe4 50.fxe4 Ke7
51.Kg4 Kd6 52.Kf3 Kc7 53.b5 Kd6 54.b6 Kd7 55.Ke2 Kd6 56.Kd3 Kd7 57.Kc4 Kd6
58.Kd3 Kd7 59.Kc3 Kd6 60.Kc4 Kd7 61.b7 Kc7  1/2-1/2

[Event "Schachbundesliga 2011-12"]
[Site "Remagen GER"]
[Date "2012.02.26"]
[Round "11"]
[White "Hracek,Z"]
[Black "Jussupow,Ar"]
[Result "1/2-1/2"]
[WhiteElo "2624"]
[BlackElo "2566"]

1.d4 Nf6 2.c4 e6 3.Nc3 Bb4 4.Nf3 d6 5.Qc2 O-O 6.g3 Nc6 7.a3 Bxc3+ 8.Qxc3 e5
9.Bg2 e4 10.Nd2 d5 11.c5 a5 12.Nf1 a4 13.h3 Na5 14.Bg5 h6 15.Bxf6 Qxf6 16.Ne3 Nb3
17.Rd1 c6 18.O-O Qg6 19.Nc2 Qh5 20.g4 Qh4 21.f3 exf3 22.exf3  1/2-1/2

[Event "ch-Moscow S/F 2012"]
[Site "Moscow RUS"]
[Date "2012.03.01"]
[Round "5"]
[White "Kachar,V"]
[Black "Denisov,Vladis"]
[Result "1-0"]
[WhiteElo "2294"]
[BlackElo "2009"]

1.d4 Nf6 2.c4 e6 3.Nc3 Bb4 4.Nf3 c5 5.g3 b6 6.Bg2 Bb7 7.O-O cxd4 8.Nb5 O-O
9.Bf4 Ne8 10.Qxd4 Nc6 11.Qd3 a6 12.Nc3 Bxc3 13.Qxc3 d6 14.Rfd1 Qe7 15.Qb3 Qc7
16.Rac1 Rb8 17.Qa3 e5 18.Be3 a5 19.Qb3 Ba6 20.Ng5 Nf6 21.Bd5 Nd8 22.Bg2 h6
23.Ne4 Nxe4 24.Bxe4 Ne6 25.Bd5 Nc5 26.Qc2 Bb7 27.b3 Rfd8 28.Bxb7 Rxb7 29.Rd5 Qc6
30.Rcd1 Rbd7 31.f3 Ne6 32.Qf5 Kf8 33.Kf2 Ke7 34.Qe4 Qb7 35.h4 Kf8 36.Rb5 Qxe4
37.fxe4 Nc5 38.Bxc5 dxc5 39.Rxd7 Rxd7 40.Rxb6 Rd2 41.a4 Rb2 42.Rb7 g6 43.g4 Kg7
44.g5 hxg5 45.hxg5 Rb1 46.Rb5 Kf8 47.Rxa5 Rxb3 48.Rxc5 Rb4 49.a5 Ra4 50.Ke3 f6
51.gxf6 Kf7 52.Rxe5 Rxc4 53.Rb5 Kxf6 54.Kf4 Rc2 55.Rb6+ Kf7 56.e3 Rf2+ 57.Ke5 g5
58.a6 Ra2 59.Kf5 Ra5+ 60.e5 Kg7 61.e4 g4 62.Kxg4 Rxe5 63.Kf4 Ra5 64.e5 Ra1
65.Kf5 Rf1+ 66.Ke6 Kg6 67.Kd7+  1-0

[Event "ch-Moscow S/F 2012"]
[Site "Moscow RUS"]
[Date "2012.03.02"]
[Round "6"]
[White "Maslov,Ivan"]
[Black "Kurdakov,Y"]
[Result "0-1"]
[WhiteElo "1957"]
[BlackElo "2219"]

1.d4 e6 2.c4 Nf6 3.Nc3 Bb4 4.Nf3 d5 5.cxd5 exd5 6.Bg5 h6 7.Bxf6 Qxf6 8.Qb3 Qd6
9.a3 Bxc3+ 10.Qxc3 O-O 11.e3 Bf5 12.Rc1 c6 13.Nd2 Qg6 14.Nf3 Qd6 15.Nd2 Qg6
16.Nf3 Be4 17.Ne5 Qe6 18.f3 Bf5 19.Bd3 Bxd3 20.Qxd3 Re8 21.Rc3 Na6 22.b4 Nc7
23.a4 Qd6 24.O-O a6 25.Rfc1 Re7 26.Qc2 Rae8 27.Kf2 Qf6 28.g3 Re6 29.Re1 Qe7
30.Rb3 Qg5 31.h4 Qd8 32.Qf5 R6e7 33.Nd3 Ne6 34.Rbb1 Qb6 35.Nc5 g6 36.Qd3 Ng7
37.b5 cxb5 38.axb5 a5 39.Na4 Qf6 40.Nc3 Rd7 41.b6 Nf5 42.Rb5 Qd6 43.f4 Qa3
44.Re2 Rde7 45.Ra2 Qc1 46.Nxd5 Rxe3 47.Nxe3 Rxe3 48.Rb1 Qc8 49.Qc2 Rc3 50.Qa4 Nxg3
51.Re1 Qh3 52.Qe8+ Kg7 53.Qe5+ Kh7 54.Re3 Nh1+ 55.Ke2 Rxe3+  0-1

[Event "1st Annual ch-ACE"]
[Site "Tempe USA"]
[Date "2012.03.02"]
[Round "1"]
[White "Molner,M"]
[Black "Banawa,Joe"]
[Result "0-1"]
[WhiteElo "2465"]
[BlackElo "2354"]

1.d4 Nf6 2.c4 e6 3.Nc3 Bb4 4.Nf3 b6 5.e3 Bb7 6.Bd3 O-O 7.O-O d5 8.a3 Bd6
9.b4 dxc4 10.Bxc4 Nbd7 11.Bb2 Qe7 12.Re1 c5 13.dxc5 bxc5 14.b5 Rfd8 15.Qe2 Ng4
16.e4 Nde5 17.Nxe5 Nxe5 18.a4 Qh4 19.g3 Qf6 20.Kg2 Nxc4 21.Qxc4 Be5 22.Re2 Rd4
23.Qxc5 Rd3 24.Rd1 Qf3+ 25.Kh3 Qh5+ 26.Kg2 Rxd1 27.Nxd1 Qxe2 28.Qxe5 Bxe4+
29.Kh3 f6 30.Qxe6+ Kh8 31.Qg4 Bg2+ 32.Kh4 Bf3 33.Qf5 Kg8 34.Bxf6 Rf8  0-1

[Event "European Ind w 2012"]
[Site "Gaziantep TUR"]
[Date "2012.03.03"]
[Round "2"]
[White "Shaydullina,S"]
[Black "Dzagnidze,N"]
[Result "0-1"]
[WhiteElo "2197"]
[BlackElo "2559"]

1.d4 Nf6 2.c4 e6 3.Nc3 Bb4 4.Nf3 O-O 5.g3 c5 6.Bg2 cxd4 7.Nxd4 d5 8.cxd5 Nxd5
9.Bd2 Nb6 10.Nc2 Be7 11.Ne3 Nc6 12.O-O Bd7 13.Rc1 Qb8 14.Ne4 Rd8 15.Qe1 Nd4
16.Nc2 Bc6 17.Bc3 e5 18.Nxd4 exd4 19.Bd2 Qe5 20.f4 Qf5 21.Nf2 Bxg2 22.Kxg2 Qd5+
23.Kg1 Qxa2 24.Rc7 Bd6 25.Rc2 Rac8 26.Rxc8 Rxc8 27.Nd3 Qd5 28.Rf3 Re8 29.Qf2 Qe4
30.Kf1 Nd5 31.g4 a5 32.g5 a4 33.f5 b5 34.f6 g6 35.Ne1 b4 36.Bc1 a3 37.bxa3 bxa3
38.Rd3 a2 39.Bb2 Qh1+ 40.Qg1 Qxg1+ 41.Kxg1 Rxe2 42.Bxd4 Bc5 43.Kf1 Rxe1+
44.Kxe1 Bxd4 45.Ra3 a1=R+ 46.Rxa1 Bxa1 47.Kf2 h6 48.gxh6 Nxf6 49.Kg3 Kh7  0-1

[Event "TCh-AUT 2 Ost 2011-12"]
[Site "Bruck AUT"]
[Date "2012.03.04"]
[Round "7"]
[White "Reinwald,P"]
[Black "Ganauser,E"]
[Result "1-0"]
[WhiteElo "2126"]
[BlackElo "2073"]

1.d4 Nf6 2.c4 e6 3.Nc3 Bb4 4.Nf3 O-O 5.Bg5 h6 6.Bh4 c5 7.e3 cxd4 8.exd4 Bxc3+
9.bxc3 d6 10.Bd3 Nbd7 11.O-O Qc7 12.Qe2 b6 13.Nd2 Bb7 14.a4 a5 15.Bg3 Rfe8
16.f4 Rac8 17.h3 Ba6 18.Rf3 d5 19.f5 exf5 20.Qxe8+ Nxe8 21.Bxc7 Rxc7 22.cxd5 Bxd3
23.Rxd3 Ndf6 24.c4 Nd6 25.Rb1 f4 26.Rxb6 Nxc4 27.Rc6  1-0

[Event "XII Festival da Uva Open"]
[Site "Caxias do Sul BRA"]
[Date "2012.03.04"]
[Round "8"]
[White "Vescovi,G"]
[Black "Florianovitz,Derlei Alex"]
[Result "1-0"]
[WhiteElo "2604"]
[BlackElo "2051"]

1.d4 Nf6 2.c4 e6 3.Nf3 Bb4+ 4.Nc3 d5 5.e3 O-O 6.Bd3 dxc4 7.Bxc4 c5 8.O-O Bxc3
9.bxc3 cxd4 10.cxd4 Nc6 11.Qe2 h6 12.Bb2 b6 13.e4 Bb7 14.a3 Ne7 15.Bd3 Ng6
16.Bc2 Rc8 17.Rfe1 Re8 18.Rad1 Qc7 19.Bb1 Qe7 20.Qd2 Red8 21.h3 e5 22.Qe3 Nd7
23.Rd2 exd4 24.Nxd4 Nde5 25.Nf5 Qg5 26.Qxg5 hxg5 27.Rd6 Kh7  1-0

[Event "TCh-CZE Extraliga 2011-12"]
[Site "Czech Republic CZE"]
[Date "2012.03.04"]
[Round "8.2"]
[White "Matlakov,M"]
[Black "Jaracz,P"]
[Result "1-0"]
[WhiteElo "2630"]
[BlackElo "2558"]

1.d4 Nf6 2.c4 e6 3.Nc3 Bb4 4.Nf3 b6 5.Qc2 Bb7 6.a3 Bxc3+ 7.Qxc3 d6 8.e3 Nbd7
9.b4 O-O 10.Bb2 a5 11.Be2 Ne4 12.Qb3 axb4 13.axb4 Rxa1+ 14.Bxa1 Ng5 15.d5 b5
16.Nd2 exd5 17.cxd5 Nb6 18.Qc3 f6 19.e4 Re8 20.f3 Qd7 21.Kf2 Na4 22.Qd3 c6
23.Rc1 Nf7 24.Nb3 Rc8 25.dxc6 Bxc6 26.Na5 Ne5 27.Bxe5 fxe5 28.Rxc6  1-0

[Event "ch-Moscow S/F 2012"]
[Site "Moscow RUS"]
[Date "2012.03.04"]
[Round "7"]
[White "Kachar,V"]
[Black "Severina,M"]
[Result "1/2-1/2"]
[WhiteElo "2294"]
[BlackElo "2185"]

1.d4 Nf6 2.c4 e6 3.Nc3 Bb4 4.Nf3 O-O 5.Bg5 h6 6.Bh4 d5 7.e3 c5 8.cxd5 exd5
9.Be2 g5 10.Bg3 Ne4 11.Rc1 Qa5 12.dxc5 Nxc3 13.bxc3 Bxc3+ 14.Kf1 Bg7 15.Qxd5 Nc6
16.Bd6 Re8 17.Qd2 Be6 18.Qxa5 Nxa5 19.h4 g4 20.Nd4 Bxd4 21.exd4 Bxa2 22.Bxg4 Re4
23.Bf5 Rxd4 24.Rh3 Nc6 25.Rg3+ Kh8 26.Rg4 Rxg4 27.Bxg4 a5 28.Bf4 Kg7 29.Bd2 a4
30.Bc3+ Kf8 31.Bf5 a3 32.g4 Ra4 33.f3 Nd4 34.Bd7 Rc4 35.Bd2 Rxc1+ 36.Bxc1 Bc4+
37.Kf2 a2 38.Bb2 Nb3 39.c6 bxc6 40.Bxc6 a1=Q 41.Bxa1 Nxa1 42.g5 hxg5 43.hxg5 Nb3
44.Ke3 Be6 45.Ke4 Kg7 46.Ke5 Nd2 47.f4 Kg6 48.Ba4 Nc4+ 49.Kd4 Nb6 50.Bc2+ Bf5
51.Bb3 Nd7 52.Bd1 Bb1 53.Bg4 Bf5 54.Bd1 Nb8 55.Bf3 Na6 56.Bd5 Nc7 57.Bc4 Ne6+
58.Ke5 Ng7 59.Bb3 Bd3 60.Bd1 Nf5 61.Bb3 Bb1 62.Bd5 Ne3 63.Bf3 Nc4+ 64.Kd4 Nd2
65.Bd5 Nf1 66.Bc4 Ng3 67.Ke5 Kg7 68.Bd5 Kf8 69.Bf3 Ke7 70.Bd5 Nf5 71.Bb3 Ne3
72.Kd4 Ng4 73.Bd5 Nf2 74.Ke3 Ng4+ 75.Kd4 Bg6 76.Bc4 Nf2 77.Be2 Ke6 78.Ke3 Ne4
79.Bc4+ Ke7 80.Kd4 Nd2 81.Bd5 Nf1 82.Bc4 Ng3 83.Ke5 Ne4 84.Bxf7 Kxf7 85.f5 Nxg5
86.fxg6+ Kxg6  1/2-1/2

[Event "83rd ch-GER 2012"]
[Site "Osterburg GER"]
[Date "2012.03.04"]
[Round "3"]
[White "Maehrlein,C"]
[Black "Tabatt,H"]
[Result "0-1"]
[WhiteElo "2134"]
[BlackElo "2296"]

1.d4 Nf6 2.c4 e6 3.Nf3 Bb4+ 4.Nc3 c5 5.d5 Bxc3+ 6.bxc3 Qa5 7.Qb3 O-O 8.e3 exd5
9.cxd5 Nxd5 10.Bd2 Nf6 11.c4 Qc7 12.Bd3 d6 13.Bc3 Nbd7 14.Rd1 Re8 15.O-O b6
16.Qb2 Bb7 17.Be2 Rad8 18.h3 Bxf3 19.Bxf3 Ne5 20.Be2 Ne4 21.Be1 Qe7 22.f3 Nf6
23.e4 Ng6 24.g3 Ne5 25.Kg2 Qe6 26.Qc2 Nc6 27.Bc3 Nh5 28.Kh2 f5 29.Rd5 Qg6
30.Rg1 fxe4 31.f4 Nf6 32.Rg5 Qf7 33.Qb2 Re6 34.f5 Re5 35.Rd1 Qe7 36.h4 h6
37.Rg6 Rxf5 38.g4 Rf2+ 39.Kg1 Qf7 40.h5 e3 41.Rf1 Ne5 42.Bxe5 dxe5 43.Rxf2 exf2+
44.Kg2 Ne4  0-1

[Event "10th Khazar Cup"]
[Site "Rasht IRI"]
[Date "2012.03.04"]
[Round "7"]
[White "Babujian,L"]
[Black "Agayev,N"]
[Result "1-0"]
[WhiteElo "2474"]
[BlackElo "2318"]

1.d4 Nf6 2.c4 e6 3.Nc3 Bb4 4.Nf3 c5 5.g3 cxd4 6.Nxd4 O-O 7.Bg2 d5 8.cxd5 Nxd5
9.Qb3 Bxc3+ 10.bxc3 Nb6 11.Ba3 Re8 12.Nb5 Nc6 13.Nd6 Bd7 14.O-O Qc7 15.Nxe8 Rxe8
16.Bc5 Nd5 17.Bxd5 exd5 18.Qxd5 Be6 19.Qd6 Qa5 20.Bd4 Rd8 21.Qc5 Qa6 22.Qg5 f6
23.Bxf6 Rd7 24.Qe3 Qc4 25.Bd4 Rxd4 26.cxd4 Nxd4 27.Rfe1 h6 28.Rac1 Nc2 29.Rxc2  1-0

[Event "TCh-AUT 2 Mitte 2011-12"]
[Site "St. Veit AUT"]
[Date "2012.03.04"]
[Round "9"]
[White "Knoll,H"]
[Black "Eichhorn,Al"]
[Result "1-0"]
[WhiteElo "2364"]
[BlackElo "2039"]

1.d4 Nf6 2.Nf3 e6 3.c4 Bb4+ 4.Nc3 d5 5.Bg5 h6 6.Bh4 g5 7.Bg3 Ne4 8.Nd2 Nxc3
9.bxc3 Bxc3 10.Rc1 Bxd4 11.cxd5 Bb6 12.h4 g4 13.Qa4+ Qd7 14.Qxg4 Qxd5 15.e4 Qd4
16.Bb5+ Bd7 17.Bxd7+ Nxd7 18.Nc4 Nf6 19.Qe2 Qxe4 20.Be5 Qxg2 21.Rf1 Qg6 22.Qf3 O-O-O
23.Nxb6+ axb6 24.Rxc7+  1-0

[Event "PriFO Champ RUS 2012"]
[Site "Tolyatti RUS"]
[Date "2012.03.05"]
[Round "8.21"]
[White "Derbenev,A"]
[Black "Iliushkin,E"]
[Result "1-0"]
[WhiteElo "2345"]
[BlackElo "2250"]

1.d4 Nf6 2.c4 e6 3.Nc3 Bb4 4.Nf3 O-O 5.Bg5 c5 6.d5 d6 7.e3 e5 8.Nd2 h6 9.h4 hxg5
10.hxg5 Ng4 11.Bd3 f5 12.gxf6 Rxf6 13.Bh7+ Kf8 14.Nde4 Bxc3+ 15.bxc3 Nh6
16.Qh5 Bg4 17.Qg5 Nd7 18.f3 Bf5 19.Rxh6 Bxe4 20.Rxf6+ Qxf6 21.Qxf6+ Nxf6
22.Bxe4 Nxe4 23.fxe4 Ke7 24.a4 Kd7 25.Ke2 Rf8 26.Rh1 Kc7 27.Rh7 Rf7 28.a5 b6
29.a6 b5 30.cxb5 c4 31.Rh8 g5 32.Ra8 Kb6 33.Rb8+ Kc5 34.Rb7 Rf8 35.g4 Rh8
36.Kd2 Rh2+ 37.Kc1 Rg2 38.Rxa7 Kxb5 39.Rc7 Kxa6 40.Rxc4 Kb5 41.Rc6 Rxg4 42.c4+ Kb4
43.Kc2 Rg1 44.c5 dxc5 45.d6 Rg2+ 46.Kd3 Rg1 47.Rb6+ Ka5 48.Rb2 Rd1+ 49.Kc4 Rc1+
50.Kd5 c4 51.d7 Rd1+ 52.Kc5 Ka4 53.Kxc4 Ka5 54.Rb5+  1-0

[Event "European Ind w 2012"]
[Site "Gaziantep TUR"]
[Date "2012.03.06"]
[Round "5"]
[White "Rakic,Ma"]
[Black "Bodnaruk,A"]
[Result "1/2-1/2"]
[WhiteElo "2270"]
[BlackElo "2412"]

1.d4 Nf6 2.c4 e6 3.Nc3 Bb4 4.Nf3 c5 5.g3 cxd4 6.Nxd4 Ne4 7.Bd2 Nxc3 8.bxc3 Be7
9.Bg2 Nc6 10.O-O O-O 11.Qa4 Qc7 12.Bf4 e5 13.Nb5 Qb8 14.Be3 a6 15.Na3 b5
16.Qb3 Na5 17.Qb2 Bxa3 18.Qxa3 Nxc4 19.Qe7 Bb7 20.Qxd7 Bxg2 21.Kxg2 Qc8 22.Qxc8 Raxc8
23.Bc1 a5 24.Rb1 Rc5 25.a4 bxa4 26.Ra1 Rb8 27.Rd1 f6 28.Rxa4 Rb3 29.Rd3 e4
30.Rd8+ Kf7 31.Rd7+ Kg6 32.Re7 Rxc3 33.Bf4 f5 34.h4 h6 35.h5+ Kf6 36.Re8 Rc2
37.Ra1 Rxe2 38.Rd1 Rb5 39.Rdd8 Rb7 40.Rc8 Rc2 41.Rc6+ Kf7 42.Rec8 Rb4 43.R6c7+ Ke6
44.Re8+ Kf6 45.Rf8+ Ke6 46.Re8+ Kf6 47.Rf8+ Ke6 48.Re8+  1/2-1/2